00989nam a2200277 i 4500001000300000100001800003245011500021246003200136260003700168300002600205500008800231650000800319650001000327650003300337655001800370700001700388700002600405700003200431700002800463020001500491040000800506041001300514080004500527008004100572856009800613bg1 aDOOLEY, Kevin10aCisco :breceptury /cKevin Dooley, Ian J. Brown ; [tł. Marek Pałczyński, Witold Zioło, Grzegorz Werner]. iTyt. oryg.:aCisco cookbook aGliwice :b"Helion",ccop. 2004. a954, [6] s. ;c24 cm. aTyt. oryg.: "Cisco cookbook" 2003. Na okł. podtyt.: konfiguracja routerów Cisco. 9aIOS 9aRuter 9aSieć komputerowa rozległa aPodręczniki1 aBROWN, Ian J1 aZIOŁO, Witold.eTł.1 aPAŁCZYŃSKi, Marek.eTł.1 aWERNER, Grzegorz.eTł. a8373613307 cBPK1 apolheng a004.735:004.057.4:004.71/.73:004.77](07) s pl f |000 0 pol  uhttp://koha.tu.koszalin.pl/cgi-bin/koha/opac-detail.pl?biblionumber=45147yKatalog online BPK